[Event "EU-chT (Men) 15th"]
[Site "Gothenburg"]
[Date "2005.08.05"]
[Round "7.1"]
[White "Svidler, Peter"]
[Black "Almasi, Zoltan"]
[Result "1-0"]
[WhiteElo "2738"]
[BlackElo "2619"]
[Annotator "Erenburg,S"]
[PlyCount "97"]
[EventDate "2005.07.30"]
[EventType "team-swiss"]
[EventRounds "9"]
[EventCountry "SWE"]
[SourceTitle "CBM 109"]
[Source "ChessBase"]
[SourceDate "2005.11.14"]
[SourceVersion "1"]
[SourceVersionDate "2005.11.14"]
[SourceQuality "1"]
[WhiteTeam "Russia"]
[BlackTeam "Hungary"]
[WhiteTeamCountry "RUS"]
[BlackTeamCountry "HUN"]

{[%mdl 68]} 1. e4 e5 2. Nf3 Nc6 3. Bb5 Nf6 4. d3 {Zoltan Almasi is one of the
biggest experts in Berlin, therefore, Svidler chooses to avoid Berlin
variation by 4.d3.} d6 5. O-O {Another theoretical line is} (5. c3 g6 {0-1
Zhang Pengxiang-Harikrishna,P/Tiayuan 2005/CBM 108_01/[Erenburg] (28)}) 5...
Bd7 {preventing white's possible 6.d3-d4.} (5... g6 6. d4 Bd7 7. Re1 Bg7 8. d5
{1-0 Sutovsky,E-Kramnik,V/Dortmund 2005/CBM 108_01/[Erenburg] (51)}) 6. c3 {
White has the following alternatives:} (6. d4 Be7 7. d5 Nb8 8. Bxd7+ Nbxd7 9.
Re1 Nc5 10. Nc3 O-O 11. Nd2 a5 12. Nb3 Ncd7 13. Be3 c6 14. a4 cxd5 15. exd5 b6
16. f4 Qc8 17. fxe5 dxe5 18. d6 Bd8 19. Qf3 $14 {0-1 McShane,L-Harikrishna,P/
Tiayuan CHN 2005/The Week in Chess 557 (80)}) (6. Re1 Be7 7. c3 O-O 8. Nbd2 Re8
9. Nf1 Bf8 10. h3 g6 11. Be3 Bg7 12. Ng3 Na5 13. Bxd7 Qxd7 14. b4 Nc6 15. b5
Nd8 16. c4 Ne6 17. Ne2 c6 18. bxc6 bxc6 19. Qa4 Qc7 20. Rab1 {1/2-1/2
Rozentalis,E-Onischuk,A/Mallorca 2004/CBM 104 no vc (20)}) 6... g6 {preparing
an fianchetto for dark-squared bishop.} (6... a6 7. Ba4 g6 8. Nbd2 Bg7 9. Re1
O-O 10. Nf1 Nh5 11. Bg5 Qe8 12. Bb3 Kh8 13. Ne3 f5 14. Nd5 Rc8 15. exf5 gxf5
16. d4 e4 17. Nh4 Na5 18. Ne7 Nxb3 19. axb3 Ra8 20. f3 Qf7 21. fxe4 fxe4 22.
Rf1 Qxf1+ 23. Qxf1 Rxf1+ 24. Rxf1 Rf8 25. Nhf5 Bf6 $15 {1-0 Timofeev,
A-Aleksandrov,A/Izmir 2004/CBM 104 no vc (76)}) 7. Nbd2 Bg7 8. Re1 O-O 9. Ba4 {
White's light-squared bishop has nothing to do on a4-e8 diagonal. White
transfers it to b3.} (9. Nf1 {Erenburg} Nh5 10. Ba4 Qe8 {1-0 Morozevich,
A-Krasenkow,M/Plovdiv 2003/CBM 098/[Ftacnik] (60).}) (9. Bc4 {is met by} Na5 {
, eliminating white's important bishop.}) 9... Qe8 {The location of queen on
e8 is very successful, as it creates quite unpleasan opposition for white's
light squared bishop. It should be noted, that black's main plan in this
position is carrying out f7-f5. Usually black transfers his kingside knight to
h5, and then push forward his "f" pawn. In this case, black's queen protects
the h5 knight.} (9... Nh5 10. Nf1 Qe8 11. Bc2 Kh8 12. d4 f6 13. Ne3 Rc8 14. b3
Nf4 15. Bb2 Nd8 16. Qd2 Nf7 17. Rad1 Rd8 18. c4 c5 19. dxc5 dxc5 20. Qa5 $16 {
1-0 Azarov,S-Aleksandrov,A/Minsk 2000/EXT 2001 (60)}) 10. Bb3 ({White didn't
get anything after} 10. Nf1 Nh5 11. Ne3 Kh8 12. Nd5 Rc8 13. Bc2 Ne7 14. d4 exd4
15. Nxd4 Nxd5 16. exd5 Qd8 17. Be3 Re8 18. a4 {1/2-1/2 Azarov,S-Aronian,L/Goa
2002/CBM 091 ext (18)}) 10... Nh5 11. Nf1 {transfering the knight to g3.} ({
Another possibility is} 11. Nc4 Kh8 12. d4 Bg4 13. dxe5 Nxe5 14. Ncxe5 dxe5 15.
h3 Rd8 16. Qe2 Be6 17. Be3 a6 18. Rad1 Qe7 19. Qc2 $14 {1-0 Palac,M-Marcelin,C/
France 2000/EXT 2001 (32)}) 11... Nd8 $146 {Black is going to bring the knight
to f4 via e6.} ({In a previous game black tried} 11... Kh8 12. d4 Bg4 13. d5
Ne7 14. a4 f5 15. h3 Bxf3 16. Qxf3 fxe4 17. Qd1 (17. Qxe4 Nf6 18. Qd3 Qf7 $15)
17... Qf7 18. Re2 Rad8 19. a5 $13 Nf4 20. Bxf4 Qxf4 21. Ra4 Bh6 22. Nd2 Qg5 23.
Nxe4 Qc1 24. Qxc1 Bxc1 25. Rb4 Rb8 26. g3 Nf5 27. Kg2 Kg7 28. Ba4 Ne7 29. Re1
Bh6 30. Rd1 Ng8 31. h4 Rf7 32. Rd3 b6 33. Bd1 Nf6 34. Nxf6 Rxf6 35. Bg4 Rf7 36.
Be6 Re7 37. Rd1 c5 38. Rb5 a6 39. Rxb6 Rxb6 40. axb6 Rb7 41. b4 cxb4 {1/2-1/2
Xie Jun-Ruan Lufei/Wuxi CHN 2005/The Week in Chess 551 (41)}) (11... Na5 12.
Bc2 f5 13. d4 fxe4 14. Bxe4 Nf6 15. dxe5 Nxe4 16. Qd5+ Qe6 17. Qxe4 $14) 12. d4
Ne6 13. Ng3 Nef4 (13... Nxg3 14. hxg3 Kh8 15. Be3 $14) (13... Nhf4 14. Be3 {
[%cal Yd4d5]} Qe7 15. d5 Nc5 16. Bc2 $14) 14. Be3 Qe7 15. Nxh5 $1 Nxh5 16. dxe5
dxe5 17. Qd5 {attacking the b7 pawn and threatening with Bc5.} Bc6 18. Qc4 Nf4
$2 (18... Rfd8 19. Rad1 $14 (19. Bg5 Bf6 20. Bxf6 Nxf6 21. Ng5 Be8) (19. Ng5
Be8) (19. Bc5 Qf6)) 19. Bc5 Qd7 20. Bxf8 Rxf8 (20... Qg4 21. Qxf7+ $18) 21. h3
(21. Re3 Bb5 (21... Qg4 22. Ne1 Bh6 23. Rd1 a6 {[%cal Yc6b5]} 24. Rd8 $18) 22.
Qb4 Nd3 23. Qa5 Bh6 24. Rxd3 Bxd3 25. Nxe5 $18) 21... Bb5 22. Rad1 (22. Qc5 Nd3
23. Qxa7 Nxe1 24. Rxe1 $16) 22... Qxd1 (22... Nd3 23. Rxd3 Qxd3 24. Qxc7 Qd7
25. Qxd7 Bxd7 26. Rd1 Bc6 27. Bd5 $18) 23. Rxd1 Bxc4 24. Bxc4 a6 25. a4 $1 (25.
Rd7 b5 26. Bb3 c5 $13) 25... b5 {Black is trying to neutralize white's
domination by sacrificing pawn.} (25... Ne6 26. Rd7 Nc5 27. Rxc7 Nxe4 28. Bd5
Nd6 29. Rd7 e4 30. Nh2 $1 Be5 31. Ng4 $18) (25... c6 26. a5 $18 {[%cal Gd1d7]})
26. axb5 axb5 27. Bxb5 Ne6 (27... Rb8 28. Bc4 Rxb2 29. Rd8+ Bf8 30. Nxe5 Kg7
31. Rd7 $18) 28. Bc4 Rd8 (28... Nc5 29. Ng5 Bf6 30. Nxf7 Rxf7 31. b4 Nxe4 32.
Rd7 Nd6 33. Bxf7+ Nxf7 34. Rxc7 $18) 29. Ra1 $1 Bf8 30. b4 {covering the c5
square.} (30. Nxe5 Rd2 (30... Bc5 31. b4 Bb6 32. Bd5 $18) 31. b4 Rc2 32. Ra8
$18) 30... Kg7 (30... Bd6 31. Bxe6 fxe6 32. Ra5 $18 {collecting another pawn.})
31. Nxe5 Rd2 32. Nf3 Rd6 (32... Rc2 33. Bxe6 fxe6 34. Nd4 $18) 33. Ra7 Rd1+ 34.
Kh2 Nd8 35. e5 {closing the b8-h2 diagonal for black's dark-squared bishop.} (
35. Rxc7 $4 Bd6+ $19) 35... Rc1 36. Rxc7 Rxc3 37. b5 Bb4 (37... Ne6 38. Rc8 Nc5
39. Bd5 $18) 38. Rc8 $1 (38. b6 Ba5 39. Bxf7 Rxc7 40. bxc7 Bxc7 {and black
gets some chances.}) 38... Ba5 39. Ng5 Rc2 40. Ne4 Bb6 41. f4 h5 42. h4 Rc1 43.
g3 Rc2+ 44. Kh1 Kh6 45. Nd6 Rc1+ 46. Kg2 Kg7 47. Rb8 Rc2+ 48. Kf1 Ba5 49. Bxf7
{Black resigned in view of white's enormouse material advantage.} (49. Bxf7
Nxf7 (49... Bc7 50. Rc8 Nxf7 51. Rxc7 $18) 50. Rb7 Bc7 51. Rxc7 Rxc7 52. Ne8+
$18) 1-0

[Event "Bundesliga 0506"]
[Site "Germany"]
[Date "2006.01.28"]
[Round "8.1"]
[White "Jussupow, Artur"]
[Black "Svidler, Peter"]
[Result "0-1"]
[WhiteElo "2595"]
[BlackElo "2740"]
[Annotator "Stohl,I"]
[PlyCount "100"]
[EventDate "2005.10.21"]
[EventType "team-tourn"]
[EventRounds "15"]
[EventCountry "GER"]
[SourceTitle "CBM 111"]
[Source "ChessBase"]
[SourceDate "2006.04.04"]
[SourceVersion "1"]
[SourceVersionDate "2006.04.04"]
[SourceQuality "1"]
[WhiteTeam "Solingen"]
[BlackTeam "Baden-Baden"]
[WhiteTeamCountry "GER"]
[BlackTeamCountry "GER"]

{[%mdl 8]} 1. d4 Nf6 2. c4 g6 3. g3 Bg7 4. Bg2 O-O 5. Nc3 d6 6. Nf3 Nc6 7. O-O
a6 8. d5 Na5 9. Nd2 c5 10. Qc2 Rb8 11. b3 b5 12. Bb2 e5 {By blockading the
centre, Black avoids immediate tactical complications, characteristic for the
line} (12... bxc4 13. bxc4 Bh6 14. f4 e5) ({Nowadays he often combines this
idea with the advance of the h-P, as in our game. He would like to keep the
position closed for the time being, until he manages to solve the typical
problem of the offside Na5 by Nb7-d8-f7. Also possible and quite popular is
the immediate} 12... h5 13. Rae1 (13. h3 bxc4 14. bxc4 e5 15. Rab1 Bd7 (15...
h4 $5 16. g4 Nh7 {[%cal Yf7f5] /\f5<=> Rogozenko}) 16. Ba1 Qe7 17. Rxb8 Rxb8
18. Rb1 Qd8 19. Nd1 Rb6 20. Bc3 Nb7 21. Rb2 Bc8 22. Qa4 Bd7 23. Qa3 $14 {
Rogozenko,D-Magai,V/Istanbul olm/2000/}) (13. e4 e5 $1 14. cxb5 $6 (14. Rae1
$142 h4 $132) 14... axb5 15. a3 b4 16. axb4 cxb4 17. Ncb1 Ba6 18. Nc4 Rc8 19.
Nbd2 Bh6 20. f4 Ng4 21. Qd3 Bxc4 22. bxc4 Qb6+ 23. Kh1 Ra8 24. Qf3 Qe3 $36 {
Pantsulaia,L-Kovalev,A/EUCup Saint Vincent/2005/}) 13... Bf5 (13... bxc4 $142
14. bxc4 e5 $11) (13... h4 $5 $13) 14. e4 Bd7 15. Nd1 e5 16. f4 bxc4 17. bxc4
h4 18. fxe5 Ng4 19. exd6 (19. e6 $5 $14) 19... Rxb2 20. Nxb2 Bd4+ 21. Kh1 Nxh2
22. Nf3 Nxf1 23. Bxf1 hxg3 24. Nxd4 Qh4+ 25. Kg1 {Bocharov,D-Iskusnyh,S/
Novosibirsk/1999/} cxd4 $13) 13. Rae1 {Leads to a manoeuvring struggle, but
opening the [+] is not clear:} (13. dxe6 fxe6 (13... Bxe6 14. cxb5 axb5 15.
Rad1 $14) 14. cxb5 axb5 15. Nce4 Nxe4 16. Nxe4 (16. Bxg7 Nxd2 17. Bxf8 Nxf1 18.
Bh6 Nxh2 19. Qc3 Qe7 $5 (19... e5 20. Kxh2 (20. Bd5+ Kh8 21. Kxh2 Bb7 22. Rd1
Bxd5 23. Rxd5 Nc6 24. Qf3 Qe7 25. e3 Nb4 26. Rd1 e4 27. Qe2 Nd3 $17 {Tregubov,
P-Bologan,V/St Petersburg/1996/}) 20... Bb7 21. Qd2 Qc7 22. Bd5+ Kh8 23. Rd1
Re8 24. Kg1 Bxd5 25. Qxd5 Nb7 {Jobava,B-Motylev,A/Ubeda/2001/} 26. b4 $1 $36 {
Motylev}) 20. Kxh2 (20. Qxa5 Ng4 $15) 20... b4 21. Qe3 Bb7 22. Bh3 Bd5 23. Rd1
Re8 24. Bf4 Nb7 25. Kg1 Qf7 $15 {1/2,Kharitonov,A-Schmidt,W/Lodz/1980/}) 16...
Bxb2 17. Qxb2 Bb7 18. Rfd1 Bxe4 19. Bxe4 d5 {[%csl Gc5,Gd5,Ge6] [+]<=>}) 13...
h5 $5 {The current fashion. Older moves are:} (13... Ng4 14. e4 f5 15. exf5
gxf5 16. Nd1 Rb7 17. f3 Nh6 18. f4 e4 19. Bxg7 Rxg7 20. Qc3 b4 21. Qb2 Nb7 (
21... Nf7 22. Ne3 h5 23. Rf2 h4 24. g4 Nb7 25. g5 Nxg5 26. fxg5 Qxg5 27. Kh1 h3
28. Bxh3 Qh4 {Minaya Molano,J-Sigurjonsson,G/Bogota/1978/} 29. Nxe4 Qxe4+ 30.
Ng2 $16) 22. Ne3 Ng4 23. Nxg4 Rxg4 24. Kf2 Rg7 25. Rg1 Bd7 26. Nf1 Qf6 27. Qxf6
Rxf6 28. Ne3 Kf7 29. Bh3 Ke7 30. Bf1 Kd8 31. Be2 Kc7 32. h4 Nd8 33. Ra1 Bc8 34.
a3 $14 {Spassky,B-Byrne,R/San Juan/1969/}) (13... Ne8 $5 14. e4 f5 15. exf5
gxf5 16. Nd1 Rb7 17. f4 e4 18. Bxg7 Rxg7 19. Qc3 h5 20. Ne3 b4 21. Qa1 Nb7 22.
Rf2 a5 $11 {Smejkal,J-Huebner,R/Leningrad izt/1973/}) 14. Nd1 (14. e4 {[%cal
Yc3e2,Ye2c1,Yc1d3];Nielsen,P (2626)-Bologan,V (2673) Samba Cup 1st 2003 (6)
1-0 is maybe more flexible, White might transfer his N also via e2, possibly
even c1-d3 in the future - see also}) 14... h4 15. e4 hxg3 (15... Nh5 $5 $13)
16. fxg3 $146 {[%mdl 32] This novelty is not too impressive. Although White
opens the <->f, without the option to play a future f4 his position becomes
too static and Black can pursue his strategic goals without having to hurry.} (
16. hxg3 $142 Ng4 17. Bc3 Bh6 $6 (17... b4 18. Bb2 f5 $132) 18. f3 Nf6 19. f4
Ng4 20. Nf2 Bg7 21. Bf3 Nxf2 22. Rxf2 Nb7 23. Rh2 Qe7 24. Kg2 Bd7 25. Reh1 Nd8
26. Nf1 f6 27. Ne3 Nf7 28. Bg4 $40 {Van Wely,L-Anand,V/Monte Carlo/1998/})
16... Ng4 17. Nf2 Nh6 $5 {Black is already ambitious and avoids exchanges, his
position remains solid and flexible.} (17... Nxf2 18. Rxf2 f5 (18... Bh6 $11)
19. Bc1 $13) 18. Bh3 f5 19. Bc3 Rb7 $1 {Svidler first uses this square for his
R, then his N.} 20. Qd3 b4 21. Bb2 Rbf7 22. Qe2 Nb7 23. exf5 (23. Bc1 $142 $5
$13) 23... gxf5 {[%csl Ge5,Gf5] [+]} 24. Qh5 Rf6 $15 {[%cal Yc8d7,Yd7e8,Yh6f7,
Yf6h6] Black already has a more comfortable position with his P[+], he can
proceed to evict the Q from h5 (Bd7-e8, or Nf7,Rh6) and (or) manoevre his Nb7
to the >>. On the other hand, showing a concrete plan for White is more
difficult.} 25. g4 $2 {[%mdl 8192] Yusupov lashes out, but this otherwise
strategically sound move is a miscalcualtion.} fxg4 26. Bxg4 {White must give
material to avoid losing his exposed Q.} (26. Nxg4 $2 Nxg4 27. Bxg4 Rh6 28.
Rxf8+ Bxf8 $1 $19 {[%csl Rh5] ףh5}) (26. Bg2 $2 Rf5 27. Qg6 R8f6 $19) 26...
Rxf2 $1 27. Rxf2 Bxg4 28. Rxf8+ Qxf8 $19 {Black has 2 minor pieces for a R and
his position remains impregnable. The rest is more or less a matter of
technique.} 29. Qh4 Qf5 30. Ne4 (30. Qe7 Bh3 $19 {forces the Q back}) 30... Qg6
31. Qg5 (31. Bc1 Nf5 $19) 31... Bf5 32. Qxg6 Bxg6 33. Ng5 Nd8 {There is no
need to hurry...} 34. Bc1 (34. Ne6 Nxe6 35. dxe6 Nf5 $19 {/\Nd4}) 34... Bf6 {
Svidler converts his advantage by gradually activating all his pieces.} 35. Ne4
Bh4 36. Re2 Nf5 37. Rg2 Kg7 38. Bg5 Nf7 39. Bxh4 Nxh4 40. Rg3 Nf5 41. Rg2 N7h6
42. Kf2 Ng8 $1 43. Rg1 Nf6 44. Nxf6 (44. Ng5 Kh6 45. h3 Nd4 $19) 44... Kxf6 45.
Kf3 a5 46. Rf1 Kg5 47. Rg1+ Kh6 48. Kg4 Nd4 49. Rf1 e4 50. Kf4 Nc2 $1 {[%cal
Re4e2] /\e3-e2-+} (50... Nc2 51. Rc1 e3 52. Kf3 Bd3 $19) 0-1

[Event "WchT 6th"]
[Site "Beersheba"]
[Date "2005.11.01"]
[Round "1.1"]
[White "Svidler, Peter"]
[Black "Bruzon Batista, Lazaro"]
[Result "1-0"]
[WhiteElo "2740"]
[BlackElo "2677"]
[Annotator "Finkel,A"]
[PlyCount "91"]
[EventDate "2005.11.01"]
[EventType "team-tourn"]
[EventRounds "9"]
[EventCountry "ISR"]
[SourceTitle "CBM 110"]
[Source "ChessBase"]
[SourceDate "2006.01.31"]
[SourceVersion "1"]
[SourceVersionDate "2006.01.31"]
[SourceQuality "1"]
[WhiteTeam "Russia"]
[BlackTeam "Cuba"]
[WhiteTeamCountry "RUS"]
[BlackTeamCountry "CUB"]

1. e4 e5 2. Nf3 Nc6 3. Bb5 Nf6 4. O-O Nxe4 5. d4 Nd6 6. Bxc6 dxc6 7. dxe5 Nf5
8. Qxd8+ Kxd8 9. Nc3 Bd7 10. h3 h6 {The plan with evacuating the king to
queenside is the most popular on the top level since the match
Kasparov-Kramnik 2000.} 11. Bf4 Kc8 12. Rad1 b6 (12... Bb4 13. Ne4 Be6 14. c3
Be7 15. b3 b6 16. g4 Nh4 17. Nxh4 Bxh4 18. Bg3 Be7 19. f4 h5 20. f5 Bd5 21. Rd4
hxg4 22. hxg4 Ba3 23. Kf2 a5 24. c4 Bxe4 25. Rxe4 $16 {Short,N-Sokolov,I/Wijk
aan Zee 2005}) 13. Ne4 {White has tried many different moves in this position
except the move in the game:} (13. a3 $5 Be6 14. g4 Ne7 15. Nd4 Bc4 16. Rfe1 c5
17. Nf5 Nc6 18. Nd5 Bxd5 19. Rxd5 $14 {Carlsen, M-Nielsen,P/Warsaw 2005}) (13.
Rd3 Be6 14. Rfd1 Kb7 15. b3 g5 16. Bc1 c5 17. Nd5 Ne7 18. Nxe7 Bxe7 19. c4 Rag8
$13 {Anand,V-Topalov,V/Monte Carlo 2005}) (13. b3 Ne7 14. Bh2 a5 15. Rd2 Be6
16. Nd4 Nd5 17. Nce2 Bb4 18. Rd3 Bc5 19. a4 Nb4 20. Rg3 g5 21. c3 Nd5 22. Nxe6
fxe6 $15 {Polgar,J-Bruzon,L/Wijk aan Zee 2005}) 13... c5 (13... Be6 14. g4 Ne7
15. Nd4 Bd5 16. Nc3 Bc4 17. Rfe1 Kb7 18. b3 Be6 19. Nxe6 fxe6 20. Ne2 Re8 21.
Bg3 g5 22. Kg2 Bg7 23. Kf3 c5 24. Ke4 $16 {Timofeev,A-Mastrovasilis,A/Warsaw
2005}) 14. Rfe1 {This move appears to be a novelty. White's idea is to prepare
f4 hoping to exploit the extra pawn on the kingside.} (14. Bh2 Be6 15. g4 Ne7
16. Nfd2 g5 17. Nf6 Nc6 18. Nh5 Kb7 19. f4 $14 {Lanka,Z-Novkovic,M/Austria 2000
}) 14... Be6 15. a3 (15. b3 {is less accurate since Black might get
counterplay on the queenside by pushing a7-a5-a4 and opening up the a-file.})
15... Kb7 16. g4 Ne7 17. Bg3 Nc6 18. Nh2 {Diagram #} g5 {The most natural way
to deal with f4, but this may deserve attention.} (18... Be7 $5 19. f4 g6 20.
Kg2 (20. Nf3 $6 h5 21. Nfg5 Bxg5 22. Nxg5 hxg4 23. Nxe6 fxe6 (23... Rxh3 $2 24.
Ng5 Rxg3+ 25. Kf2 $18) 24. hxg4 Nd4 $15) 20... h5 {with an unclear position,
since it's very difficult for White to transfer f5.}) 19. Nf6 Be7 (19... c4)
20. Nh5 Rad8 21. f4 $14 {White's prospects are slightly better due to the
weakness of the pawn on h6, but I believe Black should hold this position.}
gxf4 (21... Nd4 $6 22. Rd2 Bd5 23. f5 $14) 22. Nxf4 Bc4 (22... c4 23. c3 $1 $14
) 23. Nf3 {In most of the cases transposition to the endgame with opposite
colored bishops is not a bad idea for the defending side, but an arising
endgame is clearly better for white due to the possibility to create a passer
on the h-file.} Bg5 $6 (23... Nd4 24. Nxd4 cxd4 25. e6 Rhe8 $1 $11) 24. Kf2 Nd4
25. h4 {Diagram #} Bxf4 $6 {It wasn't too late to admit a mistake and to come
back with the bishop.} (25... Be7) 26. Bxf4 Be6 27. c3 Nxf3 28. Rxd8 Rxd8 29.
Kxf3 $16 {The endgame is very tough for Black, but it's even more difficult to
hold it with very little time left on the clock.} Rh8 30. h5 Kc6 31. Bc1 $1 Kb5
$6 (31... Kd5 32. b3 (32. Kg3 Rg8) 32... a5 33. c4+ Kc6 34. a4 $16) (31... c4
$5) 32. Kg3 Kc4 33. Kh4 {Now everything is set up for g5.} Kd3 (33... Kd5 34.
g5 Rg8 35. Bf4 a5 36. Rg1 Ke4 37. Bh2 $16) 34. g5 Rg8 35. Bf4 a5 36. Re3+ Kc2
37. Rg3 {Diagram #} hxg5+ ({The last chance to put up some resistance was} 
37... Kxb2 {,but it seems that White is winning by force anyway:} 38. gxh6 (38.
g6 $6 fxg6 39. hxg6 Kxa3 40. Bxh6 b5 41. Kg5 Ka2 42. Kf6 Re8 $132) 38... Rh8
39. Kg5 Kxa3 40. Kf6 Rh7 41. Rg7 Rh8 42. Rxf7 Bxf7 43. Kxf7 Kb3 44. e6 a4 45.
e7 $18) 38. Bxg5 Re8 (38... Kxb2 $2 39. Bc1+ Kxc1 40. Rxg8 $18) 39. Rg2+ Kd3
40. Bf6 $18 Bf5 41. Rf2 Be4 42. Bg7 Re7 43. Kg5 Rd7 44. Kf6 b5 45. Bh6 Kc4 46.
Rd2 1-0

[Event "WchT 6th"]
[Site "Beersheba"]
[Date "2005.11.02"]
[Round "2.1"]
[White "Gelfand, Boris"]
[Black "Svidler, Peter"]
[Result "0-1"]
[WhiteElo "2717"]
[BlackElo "2740"]
[Annotator "Krasenkow,M"]
[PlyCount "68"]
[EventDate "2005.11.01"]
[EventType "team-tourn"]
[EventRounds "9"]
[EventCountry "ISR"]
[SourceTitle "CBM 110"]
[Source "ChessBase"]
[SourceDate "2006.01.31"]
[SourceVersion "1"]
[SourceVersionDate "2006.01.31"]
[SourceQuality "1"]
[WhiteTeam "Israel"]
[BlackTeam "Russia"]
[WhiteTeamCountry "ISR"]
[BlackTeamCountry "RUS"]

1. d4 Nf6 2. c4 g6 3. Nc3 d5 4. cxd5 Nxd5 5. e4 Nxc3 6. bxc3 Bg7 7. Nf3 c5 8.
Rb1 O-O 9. Be2 cxd4 10. cxd4 Qa5+ 11. Bd2 Qxa2 12. O-O Bg4 13. Be3 Nc6 14. d5
Na5 15. Bg5 Qa3 16. Re1 {The most dangerous move for Black. White prepares
e4-e5.} Rfd8 $146 {[%mdl 8] Anticipating e4-e5, Black starts pressing the d5
pawn. The other options seen in practice:} (16... b6 $6 17. e5 Rad8 18. d6 exd6
19. Bxd8 Rxd8 20. Ng5 Bf5 21. Rc1 Bh6 22. h4 Bxg5 23. hxg5 d5 24. Bg4 Bxg4 25.
Qxg4 Qe7 26. Rc8 Nb7 27. e6 Rxc8 28. exf7+ Qxf7 29. Qxc8+ Kg7 30. Re6 Nc5 31.
Rc6 Qf8 32. Rc7+ Kg8 33. Qh3 {1-0 Avrukh,B-Ruck,R/Gothenburg SWE 2005/The Week
in Chess 561}) (16... Bxf3 17. Bxf3 Qd6 18. Qe2 Be5 19. g3 (19. Kh1 b6 20. Bg4
Rfe8 21. Qe3 Nc4 22. Qe2 Na5 23. Bd2 Nb7 24. f4 {1/2-1/2 Comas Fabrego,L-Jerez
Perez,A/Sanxenxo 2004/CBM 105}) 19... b6 (19... Rfc8 20. Qa2 b6 21. Bg2 Rc7 22.
f4 Bd4+ 23. Kh1 f6 24. e5 fxe5 25. fxe5 Bxe5 26. Rxe5 Qxe5 27. d6+ Rc4 28. Bf4
Qf5 29. Bxa8 exd6 30. Bh6 {1-0 Lafarga,D-Krueger,H/IECG 2002/Telechess CBM 105}
) 20. Bg4 (20. Bg2 $5 {Lautier}) 20... Nb7 21. Rbd1 (21. f4 $5 $146 Bf6 22.
Bxf6 exf6 23. Bf3 Nc5 24. e5 fxe5 25. fxe5 Qd7 26. Rb4 $5 a5 27. Rf4 a4 28. d6
$36 {1-0 Lautier,J-Shipov,S/Moscow 2001/CBM 86 (47)}) 21... a5 22. Qc2 (22. Be3
a4 23. f4 Bc3 24. e5 Qb4 25. Rb1 Bxe1 26. Rxb4 Bxb4 27. Kg2 Bc5 28. Bd2 a3 29.
Bc3 a2 30. Ba1 Ra3 $132 {1/2-1/2 Mikhalevski,V-Howell,D/Port Erin IOM 2005/The
Week in Chess 569 (84)}) 22... a4 $6 (22... Bg7 $142) 23. f4 Bg7 24. e5 Qb4 25.
Qc7 $1 $16 {1/2-1/2 Lautier,J-Shipov,S/Moscow (m/2) 83/468 2001/Inf 83/
[Lautier,J] (75)}) (16... Bc3 $6 17. Qd3 $1) 17. e5 h6 18. Bf4 $6 (18. Bc1 {
, recommended by GM S.Shipov, is more logical. Black failed to equalize in the
following correspondence game:} Qa2 19. Rb2 Qa1 20. Rb4 Bxf3 21. Bxf3 Nc6 22.
Ra4 Qb1 23. e6 fxe6 24. Be4 Qb5 25. Qg4 exd5 26. Bxg6 Rd6 27. Bxh6 Qb2 $1 28.
Bf4 Rf8 29. Bf5 Qf6 30. Be6+ Rxe6 31. Rxe6 Qf5 32. Qxf5 Rxf5 33. g4 Rf8 34. Bh6
$1 $16 Bxh6 35. Rxh6 a5 36. h4 Rf3 37. Kg2 Rc3 38. h5 d4 39. Rg6+ Kh7 40. Rg5
e5 41. Ra1 b5 42. Rh1 {1-0 Kordts,W-Brueckner,J/IECG 2003/Telechess CBM 105})
18... Bf5 $1 19. Rc1 $6 (19. Ra1 Qc5 20. d6 exd6 21. Rc1 {(also recommended by
S.Shipov) looks too late. Black has a comfortable position; White's
compensation for the pawn is doubtful} ({or} 21. exd6)) (19. Bc1 $5 {was still
possible. Of course, it's not easy to admit that 18.Bf4 has been inaccurate
but it enables White to keep his strong pawn centre:} Qc3 20. Rb5 b6 21. Bb2
Qc7 22. Qa1 $5 a6 $140 23. d6 $1 $36) 19... Qb3 $1 {[%csl Rd5] Exchanging
queens and keeping the extra pawn.} 20. d6 (20. Qxb3 Nxb3 21. Rc3 Na5 $17) (20.
Nd4 $5 Qxd5 (20... Qxd1 21. Rcxd1 Bd7 {is possible, too, but with two central
pawn White keeps some counterplay.}) 21. Nxf5 gxf5 22. Qc2 Qe4 23. Qxe4 fxe4
24. e6 {(S.Shipov)} fxe6 {and Black's material advantage must be enough to win,
despite White's bishop pair.}) 20... exd6 21. exd6 Qxd1 22. Rexd1 Nc6 23. Bb5
Bd7 {With this bishop blocking White's passed pawn he has few counterchances.
Black wins advancing his queenside pawns.} 24. Be3 a5 25. Bb6 Re8 26. Rc4 (26.
Ba4 Re4 $1 27. Bc2 Rb4 28. Bc5 Rc4) 26... Nb8 27. Ba4 Bxa4 28. Rxa4 Nd7 29. Bc7
b6 30. Kf1 f5 31. Rb1 Re4 32. Ra2 Rc4 33. Bxb6 Rb8 34. Nd2 Rxb6 0-1